|
|
|
|
| LEADER |
01474nam a2200289 a 4500 |
| 001 |
0016942 |
| 003 |
BD-DhAAL |
| 008 |
101005m20072004njua b 001 0 eng d |
| 020 |
|
|
|a 813170212x
|
| 020 |
|
|
|a 0130669431
|
| 040 |
|
|
|a HPG
|c HPG
|d BD-DhAAL
|
| 082 |
|
|
|a 005.82
|2 22
|
| 100 |
1 |
|
|a Mao, Wenbo.
|9 58630
|
| 245 |
1 |
0 |
|a Modern cryptology :
|b theory and practice /
|c Wenbo Mao.
|
| 260 |
|
|
|a Upper Saddle River, NJ ;
|a New Delhi :
|b Pearson/Prentice Hall,
|c c2004 [imperssion 2007].
|
| 300 |
|
|
|a 719 p. :
|b ill. ;
|c 24 cm
|
| 504 |
|
|
|a Includes bibliographical references and index.
|
| 526 |
|
|
|a CSE
|x Dr. Mumit Khan
Professor and Chairperson
Department of Computer Science and Engineering
BRAC University
|
| 541 |
1 |
|
|e 0016942, 0021215
|a Smart Books
|
| 650 |
|
0 |
|a Cryptography.
|
| 650 |
|
0 |
|a Computers
|x Access control.
|9 5084
|
| 650 |
|
0 |
|a Data transmission systems
|x Security measures.
|9 58631
|
| 852 |
4 |
|
|a Ayesha Abed Library
|c General Stacks
|
| 942 |
|
|
|2 ddc
|c BK
|
| 999 |
|
|
|c 9663
|d 9663
|
| 952 |
|
|
|0 0
|1 0
|2 ddc
|4 0
|6 005_820000000000000_MAO_2007
|7 0
|9 12286
|a BRACUL
|b BRACUL
|c GEN
|d 2010-10-06
|l 4
|m 54
|o 005.82 MAO
|p 3010021215
|r 2025-03-22
|s 2025-03-22
|t 2
|w 2010-10-06
|y BK
|
| 952 |
|
|
|0 0
|1 0
|2 ddc
|4 0
|6 005_820000000000000_MAO_2007
|7 0
|9 14268
|a BRACUL
|b BRACUL
|c GEN
|d 2011-01-29
|e Smart Books
|g 905.00
|l 5
|m 36
|o 005.82 MAO
|p 3010016942
|r 2024-02-18
|s 2024-01-31
|t 1
|w 2011-01-29
|y BK
|x Requisitioned by Dr. Mumit Khan (Professor and Chairperson, Department of Computer Science and Engineering, BRAC University).
|